| 000 | 00320nam a22001217a 4500 | ||
|---|---|---|---|
| 082 |
_a347.5491077 _bSPE |
||
| 245 |
_aThe Specific Relief Act (1877) / _cP.L.H Bare Act Series |
||
| 250 | _aBook No.32 | ||
| 260 |
_aKarachi : _bPakistan Law House, _cN.A. |
||
| 300 |
_a40 p. ; _c24 cm. |
||
| 563 | _aPBK. | ||
| 942 |
_2ddc _cBK |
||
| 999 |
_c594532 _d594532 |
||